Disney's The Little Mermaid - Statistics

General Stats
  • This quiz has been taken 693 times
    690 since last reset
  • The average score is 10 of 15
Answer Stats
Hint Answer % Correct
Main Character's best friend Flounder
91%
The prince of this movie prince eric
90%
The villian ursula
89%
Name of crab Sebastian
82%
what song does the crab sing under the sea
79%
Ability sea witch forces the main character to give up voice
71%
Name of main character's father King triton
68%
What song does the main character sing in her grotto Part of your world
66%
Bird that knows about human items Scuttle
66%
Name of prince's dog Max
57%
Type of musical instrument the prince plays flute
53%
What is the name of the sea witch in human form Vanessa
49%
type of dog that the prince owns Old english sheep dog
32%
Main Character Ariel
29%
name of princes's advisor Grimsby
29%
No matching quizzes found
Score Distribution
Percent of People with Each Score
Percentile by Number Answered
Your Score History
You have not taken this quiz since the last reset